[Event "GER-chT Seniors 14th"]
[Site "Sottrum"]
[Date "2005.09.20"]
[Round "3"]
[White "Schweickhardt, Peter"]
[Black "Felser, Franz"]
[Result "1/2-1/2"]
[WhiteElo "2125"]
[BlackElo "2118"]
[PlyCount "54"]
[EventDate "2005.09.18"]
[EventType "team-swiss"]
[EventRounds "7"]
[EventCountry "GER"]
[SourceTitle "CBM 108 Extra"]
[Source "ChessBase"]
[SourceDate "2005.11.04"]
[SourceVersion "1"]
[SourceVersionDate "2005.11.04"]
[SourceQuality "1"]

1. e4 e5 2. Nf3 Nc6 3. Nc3 Nf6 4. Bb5 Nd4 5. Nxd4 exd4 6. e5 dxc3 7. exf6 Qxf6 8. dxc3 Be7 9. 0-0 0-0 10. Be3 d6 11. Re1 Be6 12. Bd3 d5 13. Bd4 Qh6 14. f4 Qxf4 15. Be5 Qh6 16. Bxc7 Rac8 17. Bg3 Rfd8 18. Re5 g6 19. Qc1 Qxc1+ 20. Rxc1 Bd6 21. Ree1 Bxg3 22. hxg3 Rc7 23. Re3 a6 24. Rf1 Kg7 25. Rf4 h5 26. Rd4 Rdc8 27. a3 Rc6 1/2-1/2

[Event "GER-chT Seniors 14th"]
[Site "Sottrum"]
[Date "2005.09.18"]
[Round "1"]
[White "Schweickhardt, Peter"]
[Black "Krueger, Erich"]
[Result "0-1"]
[WhiteElo "2125"]
[BlackElo "2234"]
[PlyCount "64"]
[EventDate "2005.09.18"]
[EventType "team-swiss"]
[EventRounds "7"]
[EventCountry "GER"]
[SourceTitle "CBM 108 Extra"]
[Source "ChessBase"]
[SourceDate "2005.11.04"]
[SourceVersion "1"]
[SourceVersionDate "2005.11.04"]
[SourceQuality "1"]

1. e4 c6 2. d4 d5 3. e5 c5 4. c3 Nc6 5. Nf3 Bg4 6. Be2 e6 7. 0-0 Qb6 8. dxc5 Bxc5 9. b4 Bxf3 10. Bxf3 Bf8 11. Re1 Nge7 12. Bf4 Ng6 13. Bg3 Be7 14. Nd2 0-0 15. Bh5 a5 16. a3 axb4 17. axb4 Ra7 18. Rxa7 Nxa7 19. Nf3 Nb5 20. Qd2 Rc8 21. Bxg6 hxg6 22. Rc1 Qc7 23. Bf4 Nxc3 24. Qb2 Ne2+ 25. Qxe2 Qxc1+ 26. Bxc1 Rxc1+ 27. Qe1 Rxe1+ 28. Nxe1 Bxb4 29. Nd3 Bc3 30. f4 f6 31. Kf1 b6 32. Ke2 g5 0-1

[Event "GER-chT Seniors 12th"]
[Site "Finsterbergen"]
[Date "2003.08.13"]
[Round "4.2"]
[White "Schweickhardt, Peter"]
[Black "Walkewitz, Hubert"]
[Result "0-1"]
[WhiteElo "2172"]
[BlackElo "2234"]
[PlyCount "96"]
[EventDate "2003.08.10"]
[EventType "team"]
[EventRounds "7"]
[EventCountry "GER"]
[SourceTitle "EXT 2012"]
[Source "ChessBase"]
[SourceDate "2011.11.24"]
[SourceVersion "1"]
[SourceVersionDate "2011.11.24"]
[SourceQuality "1"]
[WhiteTeam "Wuerttemberg II"]
[BlackTeam "Brandenburg"]
[WhiteTeamCountry "GER"]
[BlackTeamCountry "GER"]

1. e4 Nf6 2. e5 Nd5 3. d4 d6 4. Nf3 Bg4 5. Be2 e6 6. 0-0 Be7 7. c4 Nb6 8. exd6 cxd6 9. Nc3 0-0 10. Be3 a6 11. Qb3 N8d7 12. a4 Rb8 13. Bf4 Nf6 14. a5 Nc8 15. c5 Na7 16. Qa3 Nc8 17. h3 Bh5 18. Qb3 Na7 19. Qa3 Ne8 20. Ne4 Bxf3 21. gxf3 Nc8 22. Qb3 Qd7 23. Bxa6 Na7 24. Qb6 bxa6 25. Qxb8 Nc6 26. Qb3 Nxd4 27. Qd3 e5 28. Kh2 Qf5 29. Bg3 Nxf3+ 30. Kg2 Ng5 31. f3 Qxh3+ 32. Kf2 Qf5 33. Ke2 d5 34. Nxg5 Qxg5 35. Bf2 e4 36. fxe4 dxe4 37. Qxe4 Bxc5 38. Be3 Qh5+ 39. Qf3 Qe5 40. Rfc1 Qxb2+ 41. Kf1 Qb5+ 42. Kg2 Bxe3 43. Qxe3 Nf6 44. Qb6 Qd5+ 45. Kg1 Ne4 46. Rc2 h5 47. Rac1 Re8 48. Qc6 Re5 0-1

[Event "GER-chT Seniors 12th"]
[Site "Finsterbergen"]
[Date "2003.08.10"]
[Round "1.2"]
[White "Hevendehl, Hanns Adolf"]
[Black "Schweickhardt, Peter"]
[Result "1-0"]
[WhiteElo "1963"]
[BlackElo "2172"]
[PlyCount "61"]
[EventDate "2003.08.10"]
[EventType "team"]
[EventRounds "7"]
[EventCountry "GER"]
[SourceTitle "EXT 2012"]
[Source "ChessBase"]
[SourceDate "2011.11.24"]
[SourceVersion "1"]
[SourceVersionDate "2011.11.24"]
[SourceQuality "1"]
[WhiteTeam "Schleswig Holstein II"]
[BlackTeam "Wuerttemberg II"]
[WhiteTeamCountry "GER"]
[BlackTeamCountry "GER"]

1. d4 d5 2. c4 c6 3. Nf3 Nf6 4. Nc3 e6 5. Bg5 Nbd7 6. e3 Qa5 7. cxd5 Nxd5 8. Rc1 Nxc3 9. bxc3 Qxa2 10. Bd3 Qa5 11. Qc2 h6 12. Bh4 Bd6 13. 0-0 Qc7 14. e4 e5 15. Bg3 0-0 16. Qd2 exd4 17. Bxd6 Qxd6 18. cxd4 Nb6 19. Bb1 Be6 20. Qd3 Qe7 21. d5 Rfd8 22. e5 g6 23. d6 Qe8 24. Nh4 Bd5 25. f4 Nd7 26. Qg3 Kh8 27. Rce1 Qg8 28. e6 Nf6 29. exf7 Bxf7 30. Re7 g5 31. fxg5 1-0

[Event "Wuerttemberg-ch Seniors 15th"]
[Site "Ellwangen"]
[Date "2003.04.17"]
[Round "7"]
[White "Frommann, Waldemar"]
[Black "Schweickhardt, Peter"]
[Result "1-0"]
[WhiteElo "1560"]
[BlackElo "1560"]
[PlyCount "63"]
[EventDate "2003.04.??"]
[EventType "swiss"]
[EventRounds "9"]
[EventCountry "GER"]
[SourceTitle "EXT 2006"]
[Source "ChessBase"]
[SourceDate "2005.11.24"]
[SourceVersion "1"]
[SourceVersionDate "2005.11.24"]
[SourceQuality "1"]

1. e4 e5 2. Nf3 Nc6 3. d4 exd4 4. Bc4 Bc5 5. c3 dxc3 6. Bxf7+ Kxf7 7. Qd5+ Ke8 8. Qxc5 Nf6 9. Nxc3 d6 10. Qa3 Qe7 11. 0-0 Be6 12. Re1 Kd7 13. Nd5 Qd8 14. Bg5 h6 15. Bxf6 gxf6 16. Nf4 Bf7 17. Rad1 Qg8 18. b3 Qg7 19. Rd3 Rhg8 20. Qc1 Qg4 21. g3 Ne5 22. Nxe5+ fxe5 23. Ng2 Be6 24. f4 exf4 25. Qxf4 Qxf4 26. Nxf4 Rg5 27. e5 Re8 28. exd6 c6 29. Rde3 Bf7 30. Rxe8 Bxe8 31. Re7+ Kxd6 32. Rxe8 1-0

[Event "Wuerttemberg-ch Seniors 15th"]
[Site "Ellwangen"]
[Date "2003.04.13"]
[Round "3"]
[White "Melzer, Georg"]
[Black "Schweickhardt, Peter"]
[Result "1-0"]
[WhiteElo "1606"]
[BlackElo "1560"]
[PlyCount "55"]
[EventDate "2003.04.??"]
[EventType "swiss"]
[EventRounds "9"]
[EventCountry "GER"]
[SourceTitle "EXT 2006"]
[Source "ChessBase"]
[SourceDate "2005.11.24"]
[SourceVersion "1"]
[SourceVersionDate "2005.11.24"]
[SourceQuality "1"]

1. e4 e5 2. Nf3 Nc6 3. Bb5 a6 4. Ba4 Bc5 5. c3 b5 6. Bc2 Nge7 7. d4 exd4 8. cxd4 Bb6 9. 0-0 0-0 10. Nc3 d6 11. h3 Bb7 12. a3 Rc8 13. b4 Na7 14. a4 c5 15. bxc5 dxc5 16. d5 b4 17. Ne2 a5 18. Be3 Re8 19. Rc1 Ng6 20. Bd3 Ne5 21. Nxe5 Rxe5 22. f3 f5 23. Bf4 Re8 24. Bc4 Kh8 25. Ng3 Qh4 26. Qd2 g5 27. Qb2+ Kg8 28. d6+ 1-0

[Event "Wuerttemberg-ch Seniors 15th"]
[Site "Ellwangen"]
[Date "2003.04.11"]
[Round "1"]
[White "Burkert, Rolf"]
[Black "Schweickhardt, Peter"]
[Result "1-0"]
[WhiteElo "1588"]
[BlackElo "1560"]
[PlyCount "93"]
[EventDate "2003.04.??"]
[EventType "swiss"]
[EventRounds "9"]
[EventCountry "GER"]
[SourceTitle "EXT 2006"]
[Source "ChessBase"]
[SourceDate "2005.11.24"]
[SourceVersion "1"]
[SourceVersionDate "2005.11.24"]
[SourceQuality "1"]

1. c4 e5 2. Nc3 Nf6 3. Nf3 Nc6 4. e3 Bb4 5. Nd5 0-0 6. Nxb4 Nxb4 7. Nxe5 d6 8. Nd3 Nxd3+ 9. Bxd3 b6 10. b4 Bb7 11. 0-0 d5 12. Bb2 Qd6 13. Qf3 dxc4 14. Bxh7+ Nxh7 15. Qxb7 Qxd2 16. Bd4 Qxb4 17. Qxc7 Rfc8 18. Qg3 f6 19. h4 c3 20. Rfc1 Rc6 21. Qg6 Rac8 22. h5 Nf8 23. Qg3 Qb5 24. h6 g6 25. Qf3 Qg5 26. e4 Nd7 27. Qh3 Ne5 28. Rxc3 Qg4 29. Bxe5 Qxh3 30. Rxh3 fxe5 31. g4 g5 32. Rd1 R8c7 33. Rd5 Re6 34. Rh5 Kh7 35. Rxg5 Kxh6 36. Rgxe5 Rxe5 37. Rxe5 a5 38. Kg2 Kg6 39. Kg3 Rf7 40. f4 a4 41. f5+ Kg5 42. Re6 Rf6 43. Re8 Rc6 44. Rg8+ Kh6 45. Kf4 b5 46. g5+ Kh7 47. Rb8 1-0

[Event "GER-chT Seniors 10th"]
[Site "Rheda Wiedenbrueck"]
[Date "2001.08.18"]
[Round "7.4"]
[White "Gretzer, Otmar"]
[Black "Schweickhardt, Peter"]
[Result "0-1"]
[WhiteElo "2180"]
[BlackElo "2158"]
[PlyCount "159"]
[EventDate "2001.08.12"]
[EventType "team"]
[EventRounds "7"]
[EventCountry "GER"]
[SourceTitle "EXT 2002"]
[Source "ChessBase"]
[SourceDate "2001.11.25"]
[SourceVersion "1"]
[SourceVersionDate "2001.11.25"]
[SourceQuality "1"]
[WhiteTeam "Bayern Seniors"]
[BlackTeam "Wuerttemberg Seniors II"]
[WhiteTeamCountry "GER"]
[BlackTeamCountry "GER"]

1. e4 c5 2. Nf3 d6 3. d4 cxd4 4. Qxd4 Nc6 5. Bb5 Bd7 6. Bxc6 Bxc6 7. c4 Nf6 8. Nc3 e6 9. Bg5 Be7 10. Rd1 0-0 11. 0-0 Ne8 12. Be3 Bf6 13. Qd3 Qa5 14. Nd4 a6 15. f4 Bxd4 16. Qxd4 f5 17. a3 fxe4 18. Nxe4 Qf5 19. Ng3 Qg6 20. Rd2 Rd8 21. Rdf2 Nf6 22. f5 Qf7 23. fxe6 Qxe6 24. Bg5 Ng4 25. Rf4 Rxf4 26. Rxf4 Rf8 27. Rxf8+ Kxf8 28. h3 Ne5 29. b3 h6 30. Bf4 Qf6 31. Qd2 g5 32. Bxe5 dxe5 33. Qf2 Kf7 34. Nf5 Kg6 35. Ne3 Qf4 36. Ng4 h5 37. Qxf4 exf4 38. Nf2 Kf5 39. b4 g4 40. hxg4+ hxg4 41. Kf1 g3 42. Nh3 f3 43. gxf3 Bxf3 44. Ke1 Bg4 45. Ng1 Ke4 46. Kd2 Kd4 47. c5 Kc4 48. Ke3 Kb3 49. Kf4 Bd7 50. Kxg3 Kxa3 51. Nf3 Kxb4 52. Kf2 Kxc5 53. Ke3 b5 54. Kd3 Bf5+ 55. Kc3 a5 56. Nd2 a4 57. Kb2 b4 58. Ka2 Kd4 59. Kb2 Kd3 60. Nb1 Be6 61. Na3 Bd5 62. Nc2 b3 63. Na3 Bc6 64. Nb1 Kc4 65. Na3+ Kb4 66. Nc2+ Kc4 67. Na3+ Kd3 68. Nb1 Bb7 69. Na3 Be4 70. Nb1 Kd4 71. Nc3 Bc6 72. Nb1 Kc4 73. Na3+ Kd4 74. Nc2+ Kc5 75. Na3 Be4 76. Kc3 Bf5 77. Nc4 Be6 78. Na3 Bf7 79. Nc2 Bh5 80. Na3 0-1

[Event "GER-chT Seniors 10th"]
[Site "Rheda Wiedenbrueck"]
[Date "2001.08.12"]
[Round "1.4"]
[White "Schweickhardt, Peter"]
[Black "Roth, Gunther"]
[Result "0-1"]
[WhiteElo "2158"]
[BlackElo "1833"]
[PlyCount "76"]
[EventDate "2001.08.12"]
[EventType "team"]
[EventRounds "7"]
[EventCountry "GER"]
[SourceTitle "EXT 2002"]
[Source "ChessBase"]
[SourceDate "2001.11.25"]
[SourceVersion "1"]
[SourceVersionDate "2001.11.25"]
[SourceQuality "1"]
[WhiteTeam "Wuerttemberg Seniors II"]
[BlackTeam "NRW Seniors III"]
[WhiteTeamCountry "GER"]
[BlackTeamCountry "GER"]

1. e4 c6 2. d4 d5 3. e5 Bf5 4. g4 Bg6 5. Bd3 e6 6. h4 Bxd3 7. Qxd3 h5 8. g5 g6 9. Ne2 c5 10. c3 Nc6 11. Qb5 Qd7 12. Qb3 Nge7 13. Nd2 Nf5 14. Nf3 cxd4 15. cxd4 Bb4+ 16. Bd2 Bxd2+ 17. Kxd2 Na5 18. Qc2 Rc8 19. Nc3 b5 20. a3 Rc4 21. Kd3 Nc6 22. b3 Ncxd4 23. Qd1 Nxf3 24. bxc4 Nxe5+ 25. Ke2 Qc6 26. Kf1 d4 27. Rh3 dxc3 28. cxb5 Qc4+ 29. Qe2 Qxe2+ 30. Kxe2 Nd4+ 31. Kd1 c2+ 32. Kd2 Ke7 33. Kc3 Rd8 34. f4 Nef3 35. Rxf3 Nxf3 36. Kxc2 Nd4+ 37. Kc3 Nxb5+ 38. Kb4 Nc7 0-1

[Event "Wuerttemberg-ch Seniors 13th"]
[Site "Ellwangen"]
[Date "2001.??.??"]
[Round "3"]
[White "Richter, Gerhard"]
[Black "Schweickhardt, Peter"]
[Result "1-0"]
[WhiteElo "1899"]
[BlackElo "1611"]
[PlyCount "69"]
[EventDate "2001.04.??"]
[EventType "swiss"]
[EventRounds "9"]
[EventCountry "GER"]
[SourceTitle "EXT 2006"]
[Source "ChessBase"]
[SourceDate "2005.11.24"]
[SourceVersion "1"]
[SourceVersionDate "2005.11.24"]
[SourceQuality "1"]

1. Nf3 d5 2. g3 Nf6 3. d3 e6 4. Bg2 c5 5. Nbd2 Nc6 6. 0-0 Be7 7. e4 0-0 8. e5 Ng4 9. Re1 Qc7 10. Qe2 f5 11. exf6 Bxf6 12. Nf1 Bd7 13. c3 Nge5 14. Nxe5 Bxe5 15. f4 Bd6 16. Bd2 d4 17. Be4 Rae8 18. Rac1 Rf6 19. Qg4 Qb6 20. c4 Ne7 21. Rb1 Nf5 22. Qe2 Qc7 23. b4 b6 24. bxc5 Bxc5 25. Bb4 e5 26. Bd5+ Kh8 27. Bxc5 Qxc5 28. fxe5 Bc6 29. Qf3 Bxd5 30. cxd5 Nh4 31. Qh5 Nf3+ 32. Kh1 g6 33. exf6 Rxe1 34. Qh6 Qc7 35. Qf8# 1-0

[Event "GER-chT Seniors 09th"]
[Site "Halle"]
[Date "2000.08.21"]
[Round "2.3"]
[White "Schweickhardt, Peter"]
[Black "Perk, Egbert"]
[Result "1-0"]
[WhiteElo "2098"]
[BlackElo "1932"]
[PlyCount "79"]
[EventDate "2000.08.20"]
[EventType "team"]
[EventRounds "7"]
[EventCountry "GER"]
[SourceTitle "EXT 2002"]
[Source "ChessBase"]
[SourceDate "2001.11.25"]
[SourceVersion "1"]
[SourceVersionDate "2001.11.25"]
[SourceQuality "1"]

1. d4 Nf6 2. Nf3 c5 3. d5 d6 4. c4 g6 5. Nc3 Bg7 6. e4 a6 7. Be2 Bd7 8. Qb3 Qc7 9. 0-0 0-0 10. h3 e5 11. Nh2 Bc8 12. Bd2 Nbd7 13. Ng4 h5 14. Nxf6+ Nxf6 15. f4 exf4 16. Bxf4 Nd7 17. Na4 Rb8 18. Qg3 Ne5 19. Nc3 Qe7 20. Bg5 f6 21. Bd2 Bd7 22. a4 b6 23. Ra3 Rb7 24. h4 Be8 25. Nd1 b5 26. axb5 axb5 27. cxb5 Bxb5 28. Bxb5 Rxb5 29. Bc3 Nc4 30. Ra4 Nb6 31. Ra6 Qb7 32. Ra2 Qe7 33. Nf2 Nc4 34. Qf3 Kh7 35. Qd3 Rxb2 36. Bxb2 Nxb2 37. Rxb2 f5 38. Rb5 fxe4 39. Qxe4 Qd7 40. Qb1 1-0

[Event "Wuerttemberg-ch Seniors 12th"]
[Site "Ellwangen"]
[Date "2000.??.??"]
[Round "1"]
[White "Kolb, Walter"]
[Black "Schweickhardt, Peter"]
[Result "0-1"]
[WhiteElo "1680"]
[BlackElo "1640"]
[PlyCount "117"]
[EventDate "2000.04.??"]
[EventType "swiss"]
[EventRounds "9"]
[EventCountry "GER"]
[SourceTitle "EXT 2006"]
[Source "ChessBase"]
[SourceDate "2005.11.24"]
[SourceVersion "1"]
[SourceVersionDate "2005.11.24"]
[SourceQuality "1"]

1. e4 e5 2. Nf3 Nc6 3. Bc4 Nf6 4. d3 Bc5 5. 0-0 0-0 6. c3 d5 7. exd5 Nxd5 8. d4 exd4 9. cxd4 Bb6 10. Bxd5 Qxd5 11. Nc3 Qc4 12. Be3 Bg4 13. Rc1 Rad8 14. h3 Bxf3 15. Qxf3 Bxd4 16. b3 Qb4 17. Bf4 Bxc3 18. Kh1 Be5 19. Rc4 Qd6 20. Be3 Qd3 21. Rcc1 Qa6 22. a4 Rd3 23. Qe4 Rxb3 24. Rfd1 Rb4 25. Qf3 Qxa4 26. Bc5 Rf4 27. Qe3 Re4 28. Qd2 Re8 29. Re1 Rxe1+ 30. Rxe1 Nd4 31. Bxd4 Bxd4 32. Rxe8+ Qxe8 33. Qxd4 b6 34. Qf4 Qd8 35. Qa4 a5 36. Kh2 Kf8 37. g3 Qd5 38. Qc2 c6 39. Qxh7 Qd4 40. Qf5 Ke7 41. Qf3 Qc5 42. Kg1 b5 43. Qe4+ Kf8 44. Qh4 f6 45. Qh8+ Kf7 46. Qd8 a4 47. Qd7+ Kg6 48. Qe8+ Kh7 49. h4 Qd5 50. h5 Qg5 51. Kh2 a3 52. f4 Qg4 53. Qe4+ Kh6 54. Kg2 Qxh5 55. Qxc6 Qe2+ 56. Kh3 Qf1+ 57. Kg4 a2 58. Qa8 Qd1+ 59. Kh3 0-1

[Event "GER-chT Seniors 08th"]
[Site "Verden"]
[Date "1999.08.07"]
[Round "7"]
[White "Weigel, Herbert"]
[Black "Schweickhardt, Peter"]
[Result "0-1"]
[WhiteElo "2096"]
[BlackElo "2080"]
[PlyCount "72"]
[EventDate "1999.08.01"]
[EventType "team-swiss"]
[EventRounds "7"]
[EventCountry "GER"]
[SourceTitle "EXT 2022"]
[Source "ChessBase"]
[SourceDate "2021.10.06"]
[SourceVersion "1"]
[SourceVersionDate "2021.10.06"]
[SourceQuality "1"]

1. e4 e5 2. Nf3 Nc6 3. Bb5 f5 4. Nc3 fxe4 5. Nxe4 d5 6. Nxe5 dxe4 7. Nxc6 Qg5 8. Qe2 Nf6 9. f4 Qh4+ 10. g3 Qh3 11. Ne5+ c6 12. Bc4 Bc5 13. d3 Ng4 14. Qxe4 Nf2 15. Qf3 Nxh1 16. Be3 Be7 17. 0-0-0 Be6 18. Qe4 Nxg3 19. hxg3 Qf5 20. Qxf5 Bxf5 21. Bf7+ Kd8 22. Rh1 Kc7 23. g4 Bd7 24. f5 Bd6 25. Bd4 c5 26. Bc3 Be8 27. g5 h5 28. g6 Be7 29. Bxe8 Raxe8 30. Nf7 Rhg8 31. Rxh5 Bf6 32. Kd2 Bxc3+ 33. Kxc3 Re2 34. Ng5 Rg2 35. Ne4 Kc6 36. Rh4 Kb6 0-1

[Event "GER-chT Seniors 07th"]
[Site "Bad Wildbad"]
[Date "1998.??.??"]
[Round "1"]
[White "Falkowski, Wilfried"]
[Black "Schweickhardt, Peter"]
[Result "0-1"]
[WhiteElo "1770"]
[BlackElo "2036"]
[PlyCount "70"]
[EventDate "1998.10.04"]
[EventType "team-swiss"]
[EventRounds "7"]
[EventCountry "GER"]
[SourceTitle "EXT 2022"]
[Source "ChessBase"]
[SourceDate "2021.10.06"]
[SourceVersion "1"]
[SourceVersionDate "2021.10.06"]
[SourceQuality "1"]

1. e4 c5 2. Nf3 Nc6 3. d4 cxd4 4. Nxd4 e5 5. Nb5 a6 6. Nd6+ Bxd6 7. Qxd6 Qf6 8. Qd1 Qg6 9. Nc3 d5 10. exd5 Nb4 11. Bd3 Bf5 12. Bxf5 Qxf5 13. 0-0 Nxc2 14. Rb1 0-0-0 15. Be3 Nxe3 16. fxe3 Qd7 17. e4 Nh6 18. Na4 Kb8 19. b4 f5 20. b5 a5 21. Qd2 b6 22. Nxb6 Qa7 23. Kh1 Qxb6 24. exf5 Ng4 25. h3 Nf6 26. Qc3 Rhe8 27. Qc6 Nxd5 28. f6 gxf6 29. Rxf6 Qxc6 30. bxc6+ Kc8 31. Rh6 Re7 32. Rb5 e4 33. Rxa5 Nc7 34. Rh4 e3 35. Rha4 e2 0-1

[Event "GER-chT Seniors 07th"]
[Site "Bad Wildbad"]
[Date "1998.??.??"]
[Round "4"]
[White "Mayer, Franz"]
[Black "Schweickhardt, Peter"]
[Result "0-1"]
[WhiteElo "1891"]
[BlackElo "2036"]
[PlyCount "52"]
[EventDate "1998.10.04"]
[EventType "team-swiss"]
[EventRounds "7"]
[EventCountry "GER"]
[SourceTitle "EXT 2022"]
[Source "ChessBase"]
[SourceDate "2021.10.06"]
[SourceVersion "1"]
[SourceVersionDate "2021.10.06"]
[SourceQuality "1"]

1. e4 c5 2. Nf3 Nc6 3. d4 cxd4 4. Nxd4 e5 5. Nb5 a6 6. N5c3 Nf6 7. Bg5 Be7 8. Bxf6 Bxf6 9. Nd5 0-0 10. Nd2 d6 11. Nc4 b5 12. Nxf6+ Qxf6 13. Nb6 Rb8 14. Nd5 Qh4 15. Ne3 Qxe4 16. Bd3 Qh4 17. g3 Qh6 18. Be4 Ne7 19. Qd3 f5 20. Bd5+ Kh8 21. Bb3 f4 22. gxf4 exf4 23. Nf1 Bf5 24. Qf3 d5 25. Nd2 Qe6+ 26. Kf1 Bh3+ 0-1